000 00321nam a22001337a 4500
008 170725b xxu||||| |||| 00| 0 eng d
020 _a9780133684650
041 _aeng
080 _a004
100 _a004
101 _aSHKI
245 _aFUZZY LOGIC & NEUROFUZZY APPLICATIONS EXPLAINED
_cALTROCK, C.V
942 _2udc
_cBK
999 _c21837
_d21837